Catechism of the Catholic Church / (Record no. 345433)
[ view plain ]
| 000 -LEADER | |
|---|---|
| fixed length control field | 00533nam a2200217Ia 4500 |
| 008 - FIXED-LENGTH DATA ELEMENTS--GENERAL INFORMATION | |
| fixed length control field | 171120s9999 xx 000 0 und d |
| 020 ## - INTERNATIONAL STANDARD BOOK NUMBER | |
| International Standard Book Number | 9718816151 |
| 050 ## - LIBRARY OF CONGRESS CALL NUMBER | |
| Classification number | 238.2 |
| 050 ## - LIBRARY OF CONGRESS CALL NUMBER | |
| Item number | C363 1994 |
| 100 ## - MAIN ENTRY--PERSONAL NAME | |
| Personal name | Catholic Church. |
| 245 ## - TITLE STATEMENT | |
| Title | Catechism of the Catholic Church / |
| 245 ## - TITLE STATEMENT | |
| Statement of responsibility, etc | by Catholic Church. |
| 260 ## - PUBLICATION, DISTRIBUTION, ETC. (IMPRINT) | |
| Name of publisher, distributor, etc | Word & life, |
| 260 ## - PUBLICATION, DISTRIBUTION, ETC. (IMPRINT) | |
| Date of publication, distribution, etc | 1994 |
| 300 ## - PHYSICAL DESCRIPTION | |
| Extent | 828 pages : |
| 300 ## - PHYSICAL DESCRIPTION | |
| Other physical details | illustrations ; |
| 300 ## - PHYSICAL DESCRIPTION | |
| Dimensions | 17cm. |
| 650 ## - SUBJECT ADDED ENTRY--TOPICAL TERM | |
| Topical term or geographic name as entry element | Catholic Church -- |
| 650 ## - SUBJECT ADDED ENTRY--TOPICAL TERM | |
| General subdivision | Catechism -- English. |
| 700 ## - ADDED ENTRY--PERSONAL NAME | |
| Personal name | Title. |
| Withdrawn status | Lost status | Damaged status | Home library | Current library | Date acquired | Total Checkouts | Full call number | Barcode | Date last seen | Price effective from | Koha item type |
|---|---|---|---|---|---|---|---|---|---|---|---|
| Stonyhurst Southville International School (Malarayat) | Stonyhurst Southville International School (Malarayat) | 11/20/2017 | REL 238.2 C363 1994 | SSISM4477 | 11/20/2017 | 11/20/2017 | Books |